Social welfare work by the Imperial Household of Japan
Guardat en:
| Autor principal: | |
|---|---|
| Format: | Llibre |
| Idioma: | Undetermined |
| Publicat: |
[Tokyo]
Japanese Red Cross Society
1934
|
| Matèries: | |
| Etiquetes: |
Afegir etiqueta
Sense etiquetes, Sigues el primer a etiquetar aquest registre!
|
| Thư viện lưu trữ: | Trung tâm Học liệu Trường Đại học Cần Thơ |
|---|
| LEADER | 00580nam a2200205Ia 4500 | ||
|---|---|---|---|
| 001 | CTU_110133 | ||
| 008 | 210402s9999 xx 000 0 und d | ||
| 082 | |a 361 | ||
| 082 | |b T882 | ||
| 100 | |a Tsuji, Zennosuke | ||
| 245 | 0 | |a Social welfare work by the Imperial Household of Japan | |
| 245 | 0 | |c Zennosuke Tsuji; Translated by Masao Nagasawa | |
| 260 | |a [Tokyo] | ||
| 260 | |b Japanese Red Cross Society | ||
| 260 | |c 1934 | ||
| 650 | |a Social service | ||
| 650 | |x History | ||
| 650 | |z Japan | ||
| 904 | |i M.Loan | ||
| 980 | |a Trung tâm Học liệu Trường Đại học Cần Thơ | ||